| 000 | 00485nam a2200181Ia 4500 | ||
|---|---|---|---|
| 001 | 40482 | ||
| 008 | 140423s9999 xx 000 0 und d | ||
| 020 | _a0534577326 | ||
| 040 | _cPK-LaUMT | ||
| 082 |
_a 153 _bGOL-C |
||
| 100 | _aGoldstein, E. Bruce | ||
| 245 |
_aCognitive psychology _bconnecting mind, research, and everyday experience _cGoldstein, E. Bruce |
||
| 260 |
_aBelmont,USA: _bThomson, _c2005 |
||
| 300 | _a546 p. | ||
| 546 | _aEN | ||
| 650 | _aPsychology | ||
| 942 | _cBK | ||
| 999 |
_c39663 _d39663 |
||